| 000 | 01032nam a22002651u 4500 | ||
|---|---|---|---|
| 001 | 12514 | ||
| 003 | HDC | ||
| 007 | cr bn --- | ||
| 008 | 210209p2004 my eng | ||
| 040 | _aHDC | ||
| 100 |
_aSuri Roowi, _eauthor _912629 |
||
| 245 | 0 |
_aPreliminary studies on the analysis of fatty acids, essential oils and flavonoids in Acalypha indica L. / _cby Suri Roowi, Abu Bakar Hussin, Noor Rehan Abdullah, Rosnah Othman and Normah Ahamad |
|
| 260 |
_aSerdang : _bMalaysian Agricultural Research and Development Institute (MARDI), _c2004 |
||
| 300 | _a1 page | ||
| 336 |
_atext _2rdacontent |
||
| 337 |
_acomputer _2rdamedia |
||
| 338 |
_aonline resource _2rdacarrier |
||
| 650 |
_aAcalypha indica _913136 |
||
| 650 |
_aFlavonoids _913138 |
||
| 650 |
_aVolatile compounds _913137 |
||
| 856 | _zRequest full-text at [email protected] | ||
| 942 | _2lcc | ||
| 942 | _cAR | ||
| 942 | _kJART 003110 | ||
| 999 |
_c9837 _d9837 |
||